[Event "Tourn. n9282"]
[Site "www.chess-mail.com"]
[Date "2017.03.29"]
[Round "1"]
[White "Lightning"]
[Black "Mechjoura"]
[WhiteElo "1999"]
[BlackElo "1809"]
[Result "1-0"]
[Round "1"]
1.d4 Ng8f6
2.c4 c5
3.d5 e6
4.Nb1c3 d6
5.e4 e5
6.Bf1d3 g6
7.Ng1e2 Bf8e7
8.O-O Nb8d7
9.Bc1h6 Rh8g8
10.Ne2g3 a6
11.Rf1e1 g5
12.Ng3f5 Nd7b6
13.a4 Rg8g6
14.Bh6g7 Bc8xf5
15.Bg7xf6 Be7xf6
16.exf5 Rg6h6
17.Nc3e4 Bf6g7
18.a5 Nb6d7
19.Qd1d2 g4
20.g3 Qd8e7
21.Ra1b1 Nd7f6
22.b4 Nf6xe4
23.Re1xe4 Rh6f6
24.Re4xg4 Bg7f8
25.bxc5 dxc5
26.Rg4e4 Rf6xf5
27.Qd2b2 Ra8b8
28.Re4e3 Bf8g7
29.Bd3xf5  { time }
1-0

[Event "Tourn. n9284"]
[Site "www.chess-mail.com"]
[Date "2017.03.29"]
[Round "1"]
[White "Picifarkinca"]
[Black "Sunny"]
[WhiteElo "1920"]
[BlackElo "1809"]
[Result "1-0"]
[Round "1"]
1.d4 Ng8f6
2.e3 g6
3.c4 Bf8g7
4.Nb1c3 d5
5.Qd1b3 dxc4
6.Bf1xc4 O-O
7.Ng1f3 c5
8.O-O Nb8d7
9.Rf1d1  { time }
1-0

[Event "Match"]
[Site "www.echecsemail.com"]
[Date "2017.03.29"]
[Round "1"]
[White "Sagara1977"]
[Black "Azulmarino"]
[WhiteElo "1580"]
[BlackElo "1510"]
[Result "0-1"]
[Round "1"]
1.e4 d5
2.exd5 Qd8xd5
3.Qd1f3 Ng8f6
4.Nb1c3 Qd5xf3
5.Ng1xf3 Nb8c6
6.Bf1c4 h6
7.d3 a6
8.a4 Bc8g4
9.Nc3d5 O-O-O
10.Bc1f4 Nf6xd5
11.Bc4xd5 Rd8xd5
12.Nf3d2 e5
13.Bf4e3 Bf8b4
14.c3 Bb4d6
15.O-O Rd5xd3
16.Rf1d1 Bg4xd1
17.Ra1xd1 f6
{ resign }
0-1

[Event "Match"]
[Site "www.echecsemail.com"]
[Date "2017.03.29"]
[Round "1"]
[White "Stevep84"]
[Black "Milkyway"]
[WhiteElo "2250"]
[BlackElo "1920"]
[Result "1-0"]
[Round "1"]
1.e4 c6
2.d4 d5
3.e5 Bc8f5
4.Ng1f3 e6
5.Bf1e2 Nb8d7
6.O-O c5
7.c3 Bf5xb1
8.Ra1xb1 cxd4
9.cxd4 h6
10.Bc1e3 Ng8e7
11.b4 Ne7f5
12.Be3d2 Bf8e7
13.Be2d3 Nf5h4
14.Nf3xh4 Be7xh4
15.a4 Bh4g5
16.Qd1c2 Bg5xd2
17.Qc2xd2 O-O
18.Rf1c1 Ra8c8
19.Qd2b2 Qd8e7
20.b5 Nd7b6
21.a5 Nb6d7
22.a6 bxa6
23.bxa6 Nd7b6
24.Rc1c2 Rc8xc2
25.Qb2xc2 Rf8c8
26.Qc2d1 Qe7a3
27.h3  { time }
1-0

[Event "Match"]
[Site "www.echecsemail.com"]
[Date "2017.03.29"]
[Round "1"]
[White "Orae"]
[Black "Iko"]
[WhiteElo "1760"]
[BlackElo "1680"]
[Result "0-1"]
[Round "1"]
1.e4 e5
2.Ng1f3 d6
3.Bf1c4 Bc8e6
4.Bc4xe6 fxe6
5.Nb1c3 Nb8c6
6.b3 d5
7.Bc1b2 Bf8b4
8.Nc3a4 { time. }
0-1

[Event "Match"]
[Site "www.echecsemail.com"]
[Date "2017.03.29"]
[Round "1"]
[White "Arbiflex"]
[Black "Numanoid"]
[WhiteElo "2420"]
[BlackElo "2460"]
[Result "1/2-1/2"]
[Round "1"]
1.d4 g6
2.Ng1f3 Bf8g7
3.c3 d6
4.Bc1f4 Ng8f6
5.e3 O-O
6.Nb1d2 b6
7.Bf1e2 Bc8b7
8.O-O Nb8d7
9.Rf1e1 Rf8e8
10.Qd1c2 e5
11.dxe5 dxe5
12.Bf4g3 h6
13.e4 Nf6h5
14.Ra1d1 Nh5xg3
15.hxg3 Qd8e7
16.Nd2f1 Ra8d8
17.Be2b5 a6
18.Bb5xd7 Rd8xd7
19.Rd1xd7 Qe7xd7
20.Nf1e3 Re8d8
21.Re1d1 { draw }
1/2-1/2

[Event "Match"]
[Site "www.echecsemail.com"]
[Date "2017.03.29"]
[Round "1"]
[White "Biggles"]
[Black "Mechjoura"]
[WhiteElo "2140"]
[BlackElo "1809"]
[Result "1-0"]
[Round "1"]
1.e4 e6
2.d4 d5
3.Nb1c3 Bf8b4
4.e5 Ng8e7
5.Bf1d3 g6
6.Ng1e2 c5
7.Ne2g3 cxd4
8.Bd3b5 Nb8c6
9.Qd1xd4 Qd8a5
10.Bb5xc6 Ne7xc6
11.Qd4d3 Nc6xe5
12.Qd3d4 Bb4d6
13.O-O f5
14.Bc1h6 Rh8g8
15.Ra1e1 Ne5g4
16.Bh6g5 h5
17.h3 Ng4e5
18.Re1xe5 Bd6xe5
19.Qd4xe5 Rg8f8
20.Rf1e1 Qa5b6
21.Nc3xd5 Qb6c5
22.Nd5c7  { time }
1-0

[Event "Match"]
[Site "www.echecsemail.com"]
[Date "2017.03.29"]
[Round "1"]
[White "Cal"]
[Black "Sonny1000"]
[WhiteElo "1560"]
[BlackElo "1300"]
[Result "1-0"]
[Round "1"]
1.d4 Ng8f6
2.h3 d5
3.Ng1f3 Nf6e4
4.e3 Ne4xf2
5.Kxf2 f6
6.a3 Bc8f5
7.Nb1c3 c6
8.b4 Nb8d7
9.Bf1d3 Bf5xd3
10.cxd3 Qd8b6
11.Bc1d2 h5
12.Nc3e2 Qb6b5
13.Qd1c2 Qb5b6
14.Ne2f4 Rh8h6
15.Nf4e6 Kf7
16.Ne6f4 g5
17.Nf4e2 e6
18.Rh1f1 g4
19.Nf3h4 Qb6c7
20.e4 dxe4
21.Bd2xh6 e3
22.Bh6xe3 gxh3
23.gxh3 Qc7h2
24.Ke1 Qh2xh3
25.Be3g5 Bf8h6
26.Bg5xf6 Nd7xf6
27.Nh4f3 Bh6f4
28.Ne2xf4 Qh3g3
29.Rf1f2 Qg3xf4
30.Nf3e5 Ke8
31.Rf2xf4 Nf6d5
32.Qc2c5 Nd5xf4
33.Kd2 Nf4d5
34.Qc5d6 h4
35.Qd6d7 Kf8
36.Qd7f7 { resign }
1-0

[Event "Match"]
[Site "www.echecsemail.com"]
[Date "2017.03.29"]
[Round "1"]
[White "Calponas"]
[Black "Ozana"]
[WhiteElo "2000"]
[BlackElo "2010"]
[Result "0-1"]
[Round "1"]
1.e4 d6
2.d4 Ng8f6
3.Nb1c3 e5
4.d5 Bf8e7
5.f3 O-O
6.Bc1e3 c6
7.Bf1c4 cxd5
8.Bc4xd5 Nf6xd5
9.Nc3xd5 Nb8d7
10.Ng1e2 Nd7f6
11.Ne2c3 Bc8e6
12.Qd1d2 Ra8c8
13.Ra1d1 Nf6xd5
14.Nc3xd5 Be6xd5
15.exd5 Qd8c7
16.c3 Qc7c4
17.a3 b6
18.Qd2e2 f5
19.Qe2xc4 Rc8xc4
20.Kf2 f4
21.Be3c1 g5
22.g4 Rc4c5
23.Rd1d3 Kf7
24.Rh1e1 h5
25.h3 Rf8h8
26.Kg2 b5
27.Re1h1 Be7d8
28.Rh1h2 Bd8b6
29.Rd3d1 Kg6
30.h4 hxg4
31.fxg4 Rh8xh4
32.Rh2xh4 gxh4
33.Kh3 Bb6d8
34.Kg2 Kg5
35.Kf3 Rc5c4
{ resign }
0-1

[Event "Match"]
[Site "www.echecsemail.com"]
[Date "2017.03.29"]
[Round "1"]
[White "Manuelito"]
[Black "Raulazo"]
[WhiteElo "1730"]
[BlackElo "1830"]
[Result "0-1"]
[Round "1"]
1.d4 e6
2.Ng1f3 Bf8b4
3.Bc1d2 Qd8e7
4.e3 Ng8f6
5.c3 Bb4d6
6.Bf1d3 e5
7.O-O O-O
8.Rf1e1 Nb8c6
9.Qd1c2 e4
10.Bd3xe4 Nf6xe4
11.c4 Bd6b4
12.c5 Bb4xd2
13.Nb1xd2 f5
14.Nd2xe4 fxe4
15.Nf3d2 Nc6b4
16.Qc2b3 Qe7f7
17.Qb3xb4 Qf7xf2
18.Kh1 a5
19.Qb4c3 Ra8a6
20.Re1f1 Qf2h4
21.Rf1xf8 Kxf8
22.Ra1f1 Ke8
23.Qc3c4 Ra6e6
24.g3 Qh4g5
25.Qc4e2 b5
26.Rf1f4 Bc8b7
27.Qe2xb5 Bb7c6
 { time }
0-1

[Event "Match"]
[Site "www.echecsemail.com"]
[Date "2017.03.29"]
[Round "1"]
[White "Genius7"]
[Black "Raulazo"]
[WhiteElo "1960"]
[BlackElo "1830"]
[Result "0-1"]
[Round "1"]
1.d4 e6
2.e4 Bf8b4
3.c3 Bb4e7
4.Ng1f3 a6
5.Bf1d3 d5
6.exd5 exd5
7.O-O Ng8f6
8.Nf3e5 O-O
9.Rf1e1 Be7d6
10.Nb1d2 Bd6xe5
11.Re1xe5 Nb8c6
12.Re5e1 Bc8g4
13.Nd2f3 Bg4xf3
14.Qd1xf3 Nc6e7
15.Bc1g5 Qd8d6
16.Bg5xf6 gxf6
17.Ra1d1 Kh8
18.Qf3h5 Ne7g6
19.Re1e3 Rf8g8
20.Kh1 Ra8f8
21.Rd1e1 Rg8g7
 { time }
0-1

[Event "Match"]
[Site "www.echecsemail.com"]
[Date "2017.03.29"]
[Round "1"]
[White "Manuelito"]
[Black "Azorau"]
[WhiteElo "1730"]
[BlackElo "1820"]
[Result "0-1"]
[Round "1"]
1.d4 e6
2.Ng1f3 Bf8b4
3.Bc1d2 Qd8e7
4.Nb1c3 Bb4xc3
5.Bd2xc3 Ng8f6
6.e3 O-O
7.Bf1c4 d5
8.Bc4e2 Nb8c6
9.O-O a5
10.a4 Qe7d6
11.Qd1d3 g6
12.Qd3b5 b6
13.Qb5b3 Rf8e8
14.Be2b5 Bc8b7
15.Nf3e5 Nf6d7
16.Ne5xc6 Bb7xc6
17.Bb5xc6 Qd6xc6
18.Rf1e1 Qc6d6
19.Bc3d2 Nd7f6
20.Ra1c1 Nf6g4
21.g3 e5
22.h3 Ng4f6
23.dxe5 Qd6xe5
24.Bd2c3 Qe5e6
25.Bc3d4 Nf6e4
26.h4 Ne4d2
27.Qb3c3 Nd2f3
28.Kg2 Nf3xe1
29.Kf1 Ne1f3
30.Ke2 Nf3xd4
 { time }
0-1

[Event "1/64 Finale"]
[Site "www.chess-mail.com"]
[Date "2017.03.29"]
[Round "1"]
[White "Jaroslavpech"]
[Black "Redabond"]
[WhiteElo "2100"]
[BlackElo "1690"]
[Result "1-0"]
[Round "1"]
1.e4 e5
2.Ng1f3 Nb8c6
3.Bf1b5 a6
4.Bb5a4 f6
5.O-O Bf8c5
6.c3 d6
7.d4 exd4
8.cxd4 Bc5b6
9.d5 Bc8d7
10.dxc6 Bd7xc6
11.Ba4b3 Bc6xe4
12.Rf1e1  { time }
1-0

[Event "1/32 Finale"]
[Site "www.chess-mail.com"]
[Date "2017.03.29"]
[Round "1"]
[White "Danquigley"]
[Black "Genius7"]
[WhiteElo "2540"]
[BlackElo "2000"]
[Result "1-0"]
[Round "1"]
1.e4 Ng8f6
2.e5 Nf6d5
3.d4 d6
4.Ng1f3 Bc8g4
5.Bf1e2 e6
6.O-O Bf8e7
7.h3 Bg4xf3
8.Be2xf3 Nb8c6
9.exd6 Be7xd6
10.c4 Nd5f6
11.Bc1e3  { time }
1-0

[Event "Tourn. n9191"]
[Site "www.chess-mail.com"]
[Date "2017.03.30"]
[Round "1"]
[White "Azulmarino"]
[Black "Vasylpuzanov"]
[WhiteElo "1460"]
[BlackElo "1450"]
[Result "0-1"]
[Round "1"]
1.e4 e5
2.Ng1f3 Nb8c6
3.Bf1c4 Ng8f6
4.Nb1c3 Bf8c5
5.d3 d6
6.Bc1g5 Bc8e6
7.Bc4d5 h6
8.Bd5xc6 bxc6
9.d4 exd4
10.Nc3a4 hxg5
11.Nf3xg5 Qd8d7
12.Qd1f3 Bc5b4
13.c3 dxc3
14.bxc3 Bb4a3
15.O-O Be6c4
16.Rf1d1 Nf6g4
17.h3 Ng4e5
18.Qf3f4 f6
19.Ng5f3 O-O
20.Qf4g3 Ne5xf3
21.gxf3 Kf7
22.Rd1d4 Bc4e6
23.Na4c5 Ba3xc5
24.Rd4d3 Be6xh3
25.Kh2 Rf8h8
26.Ra1g1 Bh3f1
{ resign }
0-1

[Event "Tourn. n9216"]
[Site "www.chess-mail.com"]
[Date "2017.03.30"]
[Round "1"]
[White "Falcoale"]
[Black "Genius7"]
[WhiteElo "1900"]
[BlackElo "1890"]
[Result "1-0"]
[Round "1"]
1.e4 c5
2.Ng1f3 Nb8c6
3.Bf1c4 e6
4.c3 d5
5.exd5 exd5
6.Bc4e2 Ng8f6
7.O-O Bf8d6
8.Rf1e1 O-O
9.d3 Bc8g4
10.h3 Bg4xf3
11.Be2xf3 h6
12.Nb1d2 Qd8d7
13.b3 Rf8e8
14.Bc1b2 Re8xe1
15.Qd1xe1 Ra8e8
16.Qe1d1 a6
17.d4 cxd4
18.cxd4 Bd6b4
19.a3 Bb4xd2
20.Qd1xd2 Nf6e4
21.Bf3xe4  { time }
1-0

[Event "Tourn. n9273"]
[Site "www.chess-mail.com"]
[Date "2017.03.30"]
[Round "1"]
[White "Autmich"]
[Black "Pachi"]
[WhiteElo "1690"]
[BlackElo "1570"]
[Result "1-0"]
[Round "1"]
1.e4 e5
2.Ng1f3 d6
3.d4 f6
4.dxe5 dxe5
5.Qd1xd8 Kxd8
6.Nb1c3 Bc8g4
7.Bf1e2 Bg4xf3
8.Be2xf3 Bf8b4
9.Bc1d2 Bb4xc3
10.Bd2xc3 b5
11.O-O-O Kc8
12.Bf3g4 Kb7
13.Rd1d8 Nb8c6
14.Rd8d7 b4
15.Bc3d2 a5
16.Rd7xg7 Ra8d8
17.Bg4e6 Ng8e7
18.Rg7f7 Rd8d6
19.Be6b3 Rh8g8
20.g3 Ne7c8
21.Rf7xc7 Kxc7
22.Bb3xg8 h5
23.Bd2e3 Nc6e7
24.Bg8b3 f5
25.f3 fxe4
26.fxe4 Ne7g6
27.Bb3f7 Nc8e7
28.Be3c5 Rd6f6
29.Bc5xe7 Ng6xe7
30.Bf7xh5 Ne7c6
31.h4 Nc6d4
32.Bh5d1 Kd6
33.h5 Nd4e6
34.h6 Rf6f8
35.g4 Ne6g5
36.Rh1h5 Ng5xe4
37.h7 Rf8h8
38.g5 Ke6
39.g6 Ne4f6
40.Rh5g5 Nf6e4
41.g7 Rh8xh7
42.g8Q Kf6
43.Rg5g6 Kf5
44.Qg8xh7 { resign }
1-0

[Event "Tourn. n9270"]
[Site "www.chess-mail.com"]
[Date "2017.03.30"]
[Round "1"]
[White "Jackbauer"]
[Black "Malbertan"]
[WhiteElo "1920"]
[BlackElo "2070"]
[Result "0-1"]
[Round "1"]
1.e4 e5
2.f4 d5
3.exd5 e4
4.d3 Qd8xd5
5.d4 Ng8f6
6.Nb1c3 Bf8b4
7.Ng1e2 c5
8.Bc1e3 Nf6g4
9.Qd1d2 Qd5h5
10.Ne2g3 Qh5h4
11.O-O-O Ng4xe3
12.Qd2xe3 O-O
13.Qe3xe4 cxd4
14.Rd1xd4 Bb4xc3
15.bxc3 Nb8c6
16.Rd4d3 Bc8e6
17.Kb2 Rf8e8
18.Bf1e2 Be6xa2
19.Qe4f3 Ba2c4
20.Ng3f5 Qh4f6
21.Nf5g3 Bc4xd3
22.Be2xd3 a5
23.Ng3h5 Qf6e7
24.g4 a4
25.Rh1a1 Qe7c5
26.f5 a3
27.Ka2 Qc5xc3
28.Kb1 Qc3b2
{ resign }
0-1

[Event "Tourn. n9260"]
[Site "www.chess-mail.com"]
[Date "2017.03.30"]
[Round "1"]
[White "Powerchess"]
[Black "Vasylpuzanov"]
[WhiteElo "1630"]
[BlackElo "1640"]
[Result "0-1"]
[Round "1"]
1.c4 e5
2.Nb1c3 Nb8c6
3.e3 Ng8f6
4.d4 d6
5.d5 Nc6b8
6.e4 Bf8e7
7.Bf1e2 Bc8d7
8.Ng1f3 h6
9.O-O a6
10.h3 O-O
11.b4 Bd7c8
 { time }
0-1

[Event "Tourn. n9286"]
[Site "www.chess-mail.com"]
[Date "2017.03.30"]
[Round "1"]
[White "Claymil"]
[Black "Pachi"]
[WhiteElo "1499"]
[BlackElo "1530"]
[Result "1-0"]
[Round "1"]
1.c4 e6
2.Nb1c3 Ng8f6
3.g3 c6
4.Bf1g2 Nf6g4
5.e3 f5
6.Ng1e2 Bf8b4
7.h3 Ng4e5
8.d3 Bb4xc3
9.Ne2xc3 O-O
10.O-O g5
11.b3 Ne5g6
12.Bc1b2 f4
13.exf4 gxf4
14.Nc3e4 e5
15.Ne4d6 Qd8f6
16.Nd6e4 Qf6d8
17.Qd1h5 d5
18.Ne4g5 fxg3
19.Qh5xh7 { resign }
1-0

[Event "Tourn. n9145"]
[Site "www.chess-mail.com"]
[Date "2017.03.30"]
[Round "1"]
[White "Azulmarino"]
[Black "Passaroa25"]
[WhiteElo "1540"]
[BlackElo "1600"]
[Result "1-0"]
[Round "1"]
1.e4 c6
2.e5 d5
3.d4 Bc8e6
4.Bf1d3 f5
5.f4 Ng8h6
6.h3 Be6f7
7.Bc1d2 e6
8.Ng1f3 Bf8e7
9.g3 Nb8d7
10.Nb1c3 O-O
11.g4 Bf7g6
12.g5 Nh6f7
13.Qd1e2 b5
14.b4 Be7xb4
15.Nc3d1 a5
16.c3 Bb4a3
17.Nd1e3 Ba3e7
18.h4 h5
19.gxh6 Nf7xh6
20.h5 Bg6h7
21.Qe2g2 Rf8f7
22.Nf3g5 Be7xg5
23.fxg5 Nh6g4
24.Ne3xg4 fxg4
25.Qg2xg4 Bh7f5
26.Bd3xf5 exf5
27.Qg4f4 Kf8
28.h6 g6
29.h7 Ke7
30.h8Q Rf7f8
31.Qh8g7 Ke6
32.Qg7xg6 Ke7
33.Rh1h7 { resign }
1-0

[Event "Tourn. n9247"]
[Site "www.chess-mail.com"]
[Date "2017.03.30"]
[Round "1"]
[White "Sonfamen"]
[Black "Jjmcbride"]
[WhiteElo "1809"]
[BlackElo "1680"]
[Result "0-1"]
[Round "1"]
1.e4 e5
2.Ng1f3 Bf8d6
3.Bf1c4 c6
4.d4 h6
5.dxe5 Bd6c7
6.Nb1c3 a5
7.Bc1f4 b5
8.Bc4e2 a4
9.b4 f6
10.Qd1d4 g5
11.exf6 Qd8xf6
12.Bf4xc7 Rh8h7
13.Bc7e5 Qf6e6
14.O-O Rh7f7
 { time }
0-1

[Event "Tourn. n9213"]
[Site "www.chess-mail.com"]
[Date "2017.03.30"]
[Round "1"]
[White "Lucaschess"]
[Black "Osopanda"]
[WhiteElo "1939"]
[BlackElo "2040"]
[Result "1-0"]
[Round "1"]
1.e4 c5
2.Nb1c3 Nb8c6
3.f4 d6
4.Bf1b5 Bc8d7
5.Ng1f3 e6
6.O-O Ng8f6
7.d3 a6
8.Bb5xc6 Bd7xc6
9.Qd1e1 Qd8c7
10.h3 Bf8e7
11.g4 O-O
12.Nf3g5 h6
13.Ng5f3 e5
14.fxe5 dxe5
15.g5 hxg5
16.Nf3xg5 b5
17.Qe1h4 b4
18.Rf1xf6 { resign }
1-0

[Event "Tourn. n9203"]
[Site "www.chess-mail.com"]
[Date "2017.03.30"]
[Round "1"]
[White "Bojan"]
[Black "Churrasca"]
[WhiteElo "2000"]
[BlackElo "2190"]
[Result "1-0"]
[Round "1"]
1.e4 c5
2.Ng1f3 d6
3.Bf1c4 Ng8f6
4.Qd1e2 Nb8c6
5.a3 d5
6.exd5 Nf6xd5
7.h3 Nd5f4
8.Qe2f1 Bc8f5
9.d3 e6
10.Bc1xf4 Bf8d6
11.Bf4xd6 Qd8xd6
12.Nb1c3 a6
13.Nf3h4 O-O
14.g4 Bf5g6
15.Nh4xg6 hxg6
16.Nc3e4 Qd6e5
17.O-O-O b5
18.f4 Qe5c7
19.Bc4a2 b4
20.axb4 cxb4
21.d4 Nc6e7
22.Rd1d3 Ne7d5
23.c3 bxc3
24.bxc3 Qc7xf4
25.Qf1xf4 Nd5xf4
26.Rd3f3 Nf4d5
27.Ba2xd5 exd5
28.Ne4c5 Rf8e8
29.Kd2 a5
30.Rh1a1 f6
31.Kd3 Kf7
32.Nc5d7 Re8e7
33.Nd7b6 Ra8a6
34.Nb6xd5 Re7d7
35.Nd5e3 a4
36.Rf3f2 Rd7b7
37.Rf2a2 Rb7a7
38.Ne3c4 f5
39.g5 Ke6
40.Nc4b2 Kd5
41.Ra2xa4 Ra6xa4
42.Ra1xa4  { time }
1-0

[Event "Tourn. n9234"]
[Site "www.chess-mail.com"]
[Date "2017.03.30"]
[Round "1"]
[White "Pdebonis"]
[Black "Comrade"]
[WhiteElo "2450"]
[BlackElo "2280"]
[Result "1-0"]
[Round "1"]
1.d4 d5
2.c4 dxc4
3.Ng1f3 Ng8f6
4.e3 e6
5.Bf1xc4 a6
6.O-O b5
7.Bc4e2 Bc8b7
8.a4 b4
9.b3 a5
10.Nf3e5 Bf8d6
11.Nb1d2 Nb8d7
12.Be2b5 Bd6xe5
13.dxe5 Nf6d5
14.Bc1b2 O-O
15.Ra1c1 Nd7b8
16.Qd1c2 Bb7a6
17.Nd2f3 c6
18.Bb5xa6 Ra8xa6
19.Rf1d1 Qd8e7
20.Bb2d4 Nb8d7
21.e4 Nd5f4
22.Bd4e3 Nf4g6
23.Qc2d3 Ra6a8
24.Qd3xd7 Qe7xd7
25.Rd1xd7 Ra8c8
26.Kf1 Rf8d8
27.Rc1xc6 Ng6f8
28.Rc6xc8 Rd8xc8
29.Rd7a7 Rc8c3
30.Nf3d4 h6
31.Ra7xa5 Nf8d7
32.Ra5b5 g5
33.a5 Nd7c5
34.Nd4e2 Rc3xe3
35.fxe3 Nc5xb3
36.a6 { resign }
1-0

[Event "Tourn. n9246"]
[Site "www.chess-mail.com"]
[Date "2017.03.30"]
[Round "1"]
[White "Prize640"]
[Black "Aperturaf"]
[WhiteElo "2400"]
[BlackElo "2550"]
[Result "0-1"]
[Round "1"]
1.e4 e6
2.d4 d5
3.Nb1d2 Ng8f6
4.e5 Nf6d7
5.f4 c5
6.c3 Nb8c6
7.Nd2f3 cxd4
8.cxd4 f6
9.Bf1d3 fxe5
10.fxe5 Bf8b4
11.Bc1d2 O-O
12.Ng1e2 Rf8xf3
13.gxf3 Qd8h4
14.Kf1 Qh4h3
15.Kf2 Nd7xe5
16.dxe5 Nc6xe5
17.Bd2xb4 Qh3xf3
{ resign }
0-1

[Event "Match"]
[Site "www.echecsemail.com"]
[Date "2017.03.30"]
[Round "1"]
[White "Manuelito"]
[Black "Orae"]
[WhiteElo "1730"]
[BlackElo "1710"]
[Result "0-1"]
[Round "1"]
1.d4 e6
2.e3 a6
3.Ng1f3 d5
4.Bf1e2 Bf8d6
5.O-O Ng8f6
6.c4 O-O
7.Nb1c3 Nb8c6
8.cxd5 exd5
9.Qd1c2 Nc6b4
10.Qc2b3 a5
11.a3 Nb4c6
12.g3 b6
13.Nc3xd5 Bc8e6
14.Nd5xf6 Qd8xf6
15.Be2c4 a4
16.Qb3b5 Nc6a7
17.Qb5xa4 Be6h3
18.Qa4d1 Bh3xf1
19.Kxf1 b5
 { time }
0-1

[Event "Match"]
[Site "www.echecsemail.com"]
[Date "2017.03.30"]
[Round "1"]
[White "Glumetz"]
[Black "Cal"]
[WhiteElo "1499"]
[BlackElo "1630"]
[Result "0-1"]
[Round "1"]
1.e4 c5
2.Ng1f3 h6
3.Bf1c4 Ng8f6
4.e5 Nf6e4
5.Bc4xf7 Kxf7
6.d3 Ne4g5
7.e6 dxe6
 { time }
0-1

[Event "Match"]
[Site "www.echecsemail.com"]
[Date "2017.03.30"]
[Round "1"]
[White "Fangshuo"]
[Black "Orae"]
[WhiteElo "2000"]
[BlackElo "1710"]
[Result "1-0"]
[Round "1"]
1.e4 e5
2.Ng1f3 Nb8c6
3.b3 Ng8f6
4.d3 Bf8c5
5.Bc1b2 Nf6g4
6.d4 Bc5b4
7.Nb1d2 d5
8.c3 Bb4a5
9.Bf1e2 exd4
10.Nf3xd4 h5
11.O-O Qd8d6
12.f4 Bc8e6
13.Rf1f3 Ba5b6
14.e5 Qd6d7
15.h3 Ng4h6
16.Kh2 Bb6xd4
17.cxd4 Nh6f5
18.Nd2f1 Nf5h4
19.Rf3f2 O-O-O
20.Nf1e3 Nc6e7
21.Be2d3 Be6f5
22.g3 Nh4g6
23.Ne3xf5 Ne7xf5
24.Bd3xf5 Qd7xf5
25.Qd1d2 h4
26.g4 Qf5d7
27.Ra1c1 c6
28.a4 f5
29.exf6 gxf6
30.b4 Qd7d6
31.b5 Kb8
32.bxc6 bxc6
33.Rc1c5 Rh8h7
34.Bb2c1 Ng6f8
35.Bc1a3 Qd6e6
36.Qd2b4 Rh7b7
37.Qb4c3 Nf8d7
38.Rc5xc6 Qe6e8
39.Ba3d6 Ka8
40.Bd6c7 Rd8c8
41.Rf2c2 Qe8e4
42.Bc7d6 Nd7b6
43.Rc6xc8 { resign }
1-0

[Event "Match"]
[Site "www.echecsemail.com"]
[Date "2017.03.30"]
[Round "1"]
[White "Luke1302"]
[Black "Osvalazo"]
[WhiteElo "1449"]
[BlackElo "1800"]
[Result "0-1"]
[Round "1"]
1.e4 e5
2.Qd1e2 Ng8f6
3.g3 g6
4.Bf1h3 Nb8c6
5.c3 Bf8g7
6.b3 O-O
7.Bc1a3 d6
8.Ng1f3 Bc8xh3
9.Nf3h4 Bh3g4
10.f3 Bg4e6
11.Ba3b4 a5
12.Bb4a3 Rf8e8
13.Ba3b2 d5
14.O-O Be6h3
15.Rf1f2 d4
16.Nb1a3 Bh3e6
17.Qe2b5 Qd8b8
18.Qb5c5 Nf6d7
19.Qc5b5 Bg7f6
20.g4 Bf6xh4
21.Rf2g2 Bh4e7
22.f4 Qb8a7
23.Na3c4 dxc3
24.d4 cxb2
25.Ra1b1 Qa7xd4
26.Rg2f2 Be7h4
27.Rb1f1 Bh4xf2
28.Kg2 Nc6b4
29.a3 c6
30.Qb5xb7 Nd7c5
31.Qb7xc6 Nb4xc6
32.Rf1b1 Nc5xb3
33.Nc4b6 Qd4xb6
34.Rb1xb2 Bf2e3
35.f5 gxf5
36.Rb2b1 fxg4
37.Rb1g1 Be3xg1
{ resign }
0-1

[Event "Match"]
[Site "www.echecsemail.com"]
[Date "2017.03.30"]
[Round "1"]
[White "Osvalazo"]
[Black "Manuelito"]
[WhiteElo "1800"]
[BlackElo "1730"]
[Result "1-0"]
[Round "1"]
1.c4 Ng8f6
2.Nb1c3 e6
3.d4 Bf8b4
4.Bc1d2 Bb4xc3
5.Bd2xc3 O-O
6.d5 exd5
7.f3 dxc4
8.Qd1c2 d5
9.O-O-O c6
10.e4 b5
11.b3 Bc8e6
12.Bc3b4 Rf8e8
13.Ng1e2 Nb8a6
14.Bb4c3 Na6c5
15.b4 Nc5d3
16.Rd1xd3 cxd3
17.Qc2xd3 dxe4
18.Qd3xd8 Ra8xd8
19.Bc3xf6 gxf6
20.fxe4 Be6xa2
21.Ne2c3 Ba2e6
22.Kc2 Rd8d4
23.Bf1xb5 cxb5
24.Nc3xb5 Rd4xb4
25.Nb5xa7  { time }
1-0

[Event "Match"]
[Site "www.echecsemail.com"]
[Date "2017.03.30"]
[Round "1"]
[White "Hundegana"]
[Black "Mechjoura"]
[WhiteElo "2060"]
[BlackElo "1809"]
[Result "1-0"]
[Round "1"]
1.f4 e5
2.fxe5 Qd8h4
3.g3 Qh4h5
4.d4 b6
5.e3 Qh5xd1
6.Kxd1 Bc8b7
7.Ng1h3 Bb7xh1
8.Bf1c4 h6
9.a4 Nb8c6
10.c3 Bf8e7
11.Ke2 Bh1e4
12.Nb1d2 Be4g6
13.b4 d6
14.Bc4d5 Kd7
15.b5 Nc6xd4
16.cxd4 Ra8f8
17.Bd5c6 Kc8
18.exd6 Be7xd6
19.Bc1a3 Bd6xa3
20.Ra1xa3 Bg6f5
21.Nh3f4  { time }
1-0

[Event "Match"]
[Site "www.echecsemail.com"]
[Date "2017.03.30"]
[Round "1"]
[White "Manuelito"]
[Black "Sozaro"]
[WhiteElo "1710"]
[BlackElo "1699"]
[Result "0-1"]
[Round "1"]
1.d4 d5
2.Ng1f3 Bc8f5
3.e3 Nb8c6
4.a3 Ng8f6
5.Bf1e2 g6
6.Nf3h4 Bf5d7
7.Nh4f3 Bf8g7
8.O-O O-O
9.c4 dxc4
10.Be2xc4 Qd8e8
11.Nb1c3 Ra8d8
12.Ra1b1 e5
13.dxe5 Nc6xe5
14.Nf3xe5 Qe8xe5
15.Rf1e1 b5
16.Bc4f1 Bd7f5
 { time }
0-1

[Event "Match"]
[Site "www.echecsemail.com"]
[Date "2017.03.30"]
[Round "1"]
[White "Ericleo1980"]
[Black "Genius7"]
[WhiteElo "2190"]
[BlackElo "1960"]
[Result "1-0"]
[Round "1"]
1.e4 d5
2.exd5 Qd8xd5
3.Nb1c3 Qd5a5
4.d4 Ng8f6
5.Bf1c4 e6
6.Bc1d2 c6
7.a4 Bf8b4
8.Ng1f3 O-O
9.O-O Bb4xc3
10.Bd2xc3 Qa5c7
11.Bc3d2 Nb8d7
12.Rf1e1 b6
13.Bc4d3  { time }
1-0

[Event "Match"]
[Site "www.echecsemail.com"]
[Date "2017.03.30"]
[Round "1"]
[White "Winston"]
[Black "Fabos12"]
[WhiteElo "1810"]
[BlackElo "1880"]
[Result "1-0"]
[Round "1"]
1.e4 e5
2.Ng1f3 Nb8c6
3.Bf1c4 h6
4.c3 Bf8c5
5.d4 exd4
6.cxd4 Bc5b4
7.Bc1d2 Bb4xd2
8.Qd1xd2 Qd8e7
9.Nb1c3 f5
10.e5 g5
11.O-O Qe7b4
{ time. }
1-0

[Event "Match"]
[Site "www.echecsemail.com"]
[Date "2017.03.30"]
[Round "1"]
[White "Orae"]
[Black "Pariolinius"]
[WhiteElo "1710"]
[BlackElo "2000"]
[Result "0-1"]
[Round "1"]
1.e4 d6
2.d4 e5
3.d5 Ng8f6
4.Nb1c3 Bf8e7
5.Bf1b5 Nb8d7
6.Bc1g5 O-O
7.Ng1f3 a6
8.Bb5xd7 Bc8xd7
9.Qd1d2 b5
10.O-O-O a5
11.Bg5xf6 Be7xf6
12.Qd2e2 Ra8b8
13.h4 b4
14.Nc3b1 Bd7b5
15.Qe2e3 c5
16.dxc6 Bb5xc6
17.Nf3d2 Bc6b5
18.Nd2f3 Rb8c8
19.Rd1d5 Bb5c4
20.Rd5d1 Qd8c7
21.b3 Bc4a6
22.Rd1d2 Rf8d8
23.Rh1d1 Bf6e7
24.Nf3e1 Rd8d7
25.Ne1f3 Qc7c6
26.g4 Be7d8
27.Nf3xe5 dxe5
28.Qe3a7 Rd7xd2
29.Rd1xd2 Bd8xh4
30.Kb2 Bh4g5
31.Rd2d7 Rc8a8
32.Qa7c7 Qc6xc7
33.Rd7xc7 Bg5h4
34.f3 Bh4f2
35.c3 Ra8c8
36.Rc7e7 bxc3
37.Nb1xc3 Bf2d4
38.Kc2 Bd4xc3
39.Kb1 Ba6d3
{ resign }
0-1

[Event "Eq:Equipo Juan Diaz-La Taverne : "]
[Site "www.chess-mail.com"]
[Date "2017.03.30"]
[Round "1"]
[White "Gilliere"]
[Black "Shirovkirk"]
[WhiteElo "2010"]
[BlackElo "2420"]
[Result "1-0"]
[Round "1"]
1.e4 e6
2.d4 d5
3.e5 c5
4.Bf1b5 Bc8d7
5.Bb5xd7 Nb8xd7
6.Ng1f3 cxd4
7.Qd1xd4 Bf8c5
8.Qd4f4 Ng8e7
9.O-O O-O
10.Nb1c3 Ra8c8
11.a3 Bc5b6
12.b4 Rc8xc3
13.Qf4d2  { time }
1-0

[Event "Tourn. n9280"]
[Site "www.chess-mail.com"]
[Date "2017.03.31"]
[Round "1"]
[White "Antuan72"]
[Black "Formargo"]
[WhiteElo "1760"]
[BlackElo "1600"]
[Result "1-0"]
[Round "1"]
1.e4 e5
2.Ng1f3 Nb8c6
3.Bf1b5 a6
4.Bb5a4 Ng8f6
5.O-O b5
6.Ba4b3 Bc8b7
7.d3 Bf8c5
8.Nb1c3 d6
9.Bc1g5 h6
10.Bg5d2 O-O
11.Rf1e1 Nf6g4
12.Bd2e3  { time }
1-0

[Event "Tourn. n9274"]
[Site "www.chess-mail.com"]
[Date "2017.03.31"]
[Round "1"]
[White "Luban"]
[Black "Rons"]
[WhiteElo "2220"]
[BlackElo "2550"]
[Result "0-1"]
[Round "1"]
1.d4 Ng8f6
2.c4 e6
3.Nb1c3 Bf8b4
4.Bc1d2 O-O
5.Qd1c2 c5
6.e3 Nb8c6
7.Ng1f3 cxd4
8.Nf3xd4 d5
9.a3 Bb4d6
10.cxd5 Nc6xd4
11.exd4 exd5
12.Bf1e2 Bc8g4
13.O-O Bg4xe2
14.Nc3xe2 Ra8c8
15.Bd2c3 Rf8e8
16.f3 Qd8c7
17.g3 Re8e7
18.Rf1e1 Rc8e8
19.Kf2 h6
20.Ne2g1 Re7xe1
21.Ra1xe1 Re8c8
22.Qc2d2 h5
23.Re1c1 h4
24.Ng1e2 Qc7d7
25.Qd2e1 Qd7f5
26.Kg2 h3
{ resign }
0-1